书目信息 |
| 题名: |
600词搞定英文面试
|
|
| 作者: | 金利 主编 ;关晓蕙 , 李馨源 , 王锋 编著 | |
| 分册: | ||
| 出版信息: | 北京 机械工业出版社 2010.06 |
|
| 页数: | 212页 | |
| 开本: | 24cm | |
| 丛书名: | ||
| 单 册: | ||
| 中图分类: | H313 | |
| 科图分类: | ||
| 主题词: | 职业选择--zhi ye xuan zhai--英语--词汇 | |
| 电子资源: | ||
| ISBN: | 978-7-111-30593-4 | |
| 000 | 01317nam0 2200301 450 | |
| 001 | B00000052975 | |
| 005 | 20110714112453.18 | |
| 010 | @a978-7-111-30593-4@dCNY26.00 | |
| 100 | @a20100723d2010 km y0chiy50 ea | |
| 101 | 0 | @achi@aeng |
| 102 | @aCN@b110000 | |
| 105 | @ak z 000yy | |
| 106 | @ar | |
| 200 | 1 | @a600词搞定英文面试@A600 ci gao ding ying wen mian shi@f主编金利@g编著关晓蕙 ... [等] |
| 210 | @a北京@c机械工业出版社@d2010.06 | |
| 215 | @a212页@d24cm | |
| 304 | @a题名页题:关晓蕙, 李馨源, 王锋, 汪欣欣编著 | |
| 330 | @a本书精选英语面试中最能引起面试官注意的600个词汇。按求职面试的流程。将全部词汇按照搜索工作、写简历、写求职信、参加招聘会、电话面试、面试过程、感谢信、接受或拒绝职位等进行分类;在内容上,本书每个单元都设置了“面试炫短语”、“面试情景句”、“面试急救箱”和“面试Tips”等项目,并在结尾配有"经典模板",为您打造全方位的成功英语面试。让你真正成为可以在人群中脱颖而出的面试者。 | |
| 333 | @a本书不仅能成为即将踏入社会参加工作的读者的良师益友,还可成为在职英语爱好者辅助学习用书。 | |
| 586 | @a | |
| 606 | 0 | @a职业选择@Azhi ye xuan zhai@x英语@x词汇 |
| 690 | @aH313@v5 | |
| 701 | 0 | @a金利@Ajin li@4主编 |
| 702 | 0 | @a关晓蕙@Aguan xiao hui@4编著 |
| 702 | 0 | @a李馨源@Ali xin yuan@4编著 |
| 702 | 0 | @a王锋@Awang feng@4编著 |
| 801 | 0 | @aCN@c20110610 |
| 905 | @dH313@eJ7835@f3 | |
| 600词搞定英文面试/主编金利/编著关晓蕙 ... [等].-北京:机械工业出版社,2010.06 |
| 212页;24cm |
| 使用对象:本书不仅能成为即将踏入社会参加工作的读者的良师益友,还可成为在职英语爱好者辅助学习用书。 |
| ISBN 978-7-111-30593-4:CNY26.00 |
| 本书精选英语面试中最能引起面试官注意的600个词汇。按求职面试的流程。将全部词汇按照搜索工作、写简历、写求职信、参加招聘会、电话面试、面试过程、感谢信、接受或拒绝职位等进行分类;在内容上,本书每个单元都设置了“面试炫短语”、“面试情景句”、“面试急救箱”和“面试Tips”等项目,并在结尾配有"经典模板",为您打造全方位的成功英语面试。让你真正成为可以在人群中脱颖而出的面试者。 |
| ● |
| 相关链接 |
|
|
|
正题名:600词搞定英文面试
索取号:H313/J7835
 
预约/预借
| 序号 | 登录号 | 条形码 | 馆藏地/架位号 | 状态 | 备注 |
| 1 | 883185 | 208831852 | 语言库209/209语言库 102排6列4层/ [索取号:H313/J7835] | 在馆 | |
| 2 | 883186 | 208831861 | 语言库209/209语言库 102排6列4层/ [索取号:H313/J7835] | 在馆 | |
| 3 | 883187 | 208831870 | 语言库209/209语言库 102排6列4层/ [索取号:H313/J7835] | 在馆 |